Quizzes
Events
Quiz Creation
Community
Videos
Private Events
Remove Ads
Sign In
Join for FREE
Feedback
Dark Mode
Quiz Categories
Sports
Geography
Music
Movies
Television
Just For Fun
Miscellaneous
History
Literature
Language
Science
Gaming
Entertainment
Religion
Holiday
For Kids
Quiz Lab
Recent
Popular Today
Quiz Kudos Today
Editor Picks
Curator Picks
Quizzes by...
Day
Popularity
Type
Ratings
Length
Year
Community
Subscriptions
Recent Discussions
Orange Saloon
Badges
Playlists
Quests
Create
Leaderboards
Showdown
Live 5
Trivia Bingo
Activity
Puzzle Library
Sporcle Events
Private Events
Virtual Trivia
Globe League
Become a Host
Pub Owners
SporcleCon
Opinionation
Our Games
Videos
Blog
Mobile Apps
Partnerships
Remove Ads and Go Orange
Feedback
Sports
Athletes
MLB
NBA
NHL
NFL
Soccer
Sports Teams
WWE
NCAA
Football
Premier League
Basketball
Baseball
Hockey
Golf
Tennis
Cricket
Rugby
Auto Racing
Olympics
World Cup
Sports
Athletes
MLB
NBA
NHL
NFL
Soccer
Sports Teams
WWE
NCAA
Football
Premier League
Basketball
Baseball
Hockey
Golf
Tennis
Cricket
Rugby
Auto Racing
Olympics
World Cup
Random Quiz
Search Sporcle
×
Quiz Lab
Quiz Lab
Sports
Type in answers that appear in a list
Type in answers that appear in a list
Classic
Best Score? Go Orange.
The Eighties in English Football Stats
Can you name the winners of various English football competitions in the Eighties?
By
JakePFC
12m
146 Questions
3,148 Plays
3,148 Plays
3,148 Plays
Comments
Comments
Give Quiz Kudos
Give Quiz Kudos
-
- Ratings
hide this ad
Replay
Link that replays current quiz
Next Quiz
Link to next quiz in quiz playlist
You Got
0%
They Got
Avg Score
61%
Avg Friend Score
Upgrade to see
Score Distribution
Jump to the score distribution portion of the page
Score
0/146
Timer
12:00
0
Plays Today
Competition
Winner
% Correct
Charity Shield
Everton & Liverpool
98.8%
First Division
Liverpool
98.7%
First Division
Liverpool
98.7%
First Division
Liverpool
98.7%
First Division
Liverpool
98.7%
First Division
Liverpool
98.7%
First Division
Liverpool
98.7%
FA Cup
Liverpool
98.7%
FA Cup
Liverpool
98.7%
League Cup
Liverpool
98.7%
League Cup
Liverpool
98.7%
League Cup
Liverpool
98.7%
League Cup
Liverpool
98.7%
Charity Shield
Liverpool
98.7%
Charity Shield
Liverpool
98.7%
Charity Shield
Liverpool
98.7%
Charity Shield
Liverpool
98.7%
First Division
Arsenal
97.9%
League Cup
Arsenal
97.9%
First Division
Everton
97.7%
First Division
Everton
97.7%
FA Cup
Everton
97.7%
Charity Shield
Everton
97.7%
Charity Shield
Everton
97.7%
Charity Shield
Everton
97.7%
Charity Shield
Aston Villa & Tottenham Hotspur
97.7%
FA Cup
Manchester United
96.8%
FA Cup
Manchester United
96.8%
Charity Shield
Manchester United
96.8%
First Division
Aston Villa
95.6%
FA Cup
Tottenham Hotspur
93.8%
FA Cup
Tottenham Hotspur
93.8%
Fourth Division
Wimbledon
91.6%
FA Cup
Wimbledon
91.6%
Second Division
West Ham United
89.8%
FA Cup
West Ham United
89.8%
League Cup
Nottingham Forest
88.4%
FA Cup
Coventry City
85.8%
Second Division
Norwich City
82.9%
League Cup
Norwich City
82.9%
Second Division
Luton Town
81.8%
League Cup
Luton Town
81.8%
Third Division
Wolverhampton Wanderers
81.6%
Fourth Division
Wolverhampton Wanderers
81.6%
League Cup
Wolverhampton Wanderers
81.6%
Associate Members' Cup (FL Trophy)
Wolverhampton Wanderers
81.6%
Third Division
Sunderland
81.3%
PFA Player of the Year
Ian Rush
81.1%
PFA Young Player of the Year
Ian Rush
81.1%
Competition
Winner
% Correct
Football Writers' Player of the Year
Ian Rush
81.1%
First Division Top Scorers
Ian Rush
81.1%
Second Division
Chelsea
80.3%
Second Division
Chelsea
80.3%
Second Division
Oxford United
80%
Third Division
Oxford United
80%
League Cup
Oxford United
80%
First Division Top Scorers
Kerry Dixon & Gary Lineker
78.1%
PFA Player of the Year
Gary Lineker
77.4%
Football Writers' Player of the Year
Gary Lineker
77.4%
First Division Top Scorers
Gary Lineker
77.4%
Second Division
Derby County
73.8%
PFA Player of the Year
Kenny Dalglish
72.5%
Football Writers' Player of the Year
Kenny Dalglish
72.5%
Goal of the Season (Scorer)
Kenny Dalglish
72.5%
Fourth Division
Sheffield United
70.6%
Second Division
Leicester City
70.6%
Third Division
Portsmouth
69.9%
Second Division
Queens Park Rangers
69.7%
PFA Player of the Year
John Barnes
67.6%
Football Writers' Player of the Year
John Barnes
67.6%
Associate Members' Cup (FL Trophy)
Bolton Wanderers
67%
Third Division
Reading
61.1%
Third Division
Burnley
61.1%
Associate Members' Cup (FL Trophy)
Hull City
60.5%
Associate Members' Cup (FL Trophy)
Wigan Athletic
60.5%
Second Division
Millwall
58.3%
Associate Members' Cup (FL Trophy)
Bristol City
58%
Fourth Division
Swindon Town
56.4%
First Division Top Scorers
Alan Smith
56%
PFA Player of the Year
Kevin Keegan
55.7%
First Division Top Scorers
Kevin Keegan
55.7%
Third Division
Bradford City
54.5%
PFA Young Player of the Year
Paul Gascoigne
54%
Fourth Division
Huddersfield Town
53.1%
First Division Top Scorers
John Aldridge
53.1%
Goal of the Season (Scorer)
John Aldridge
53.1%
Goal of the Season (Scorer)
John Aldridge
53.1%
PFA Player of the Year
Mark Hughes
51.8%
PFA Young Player of the Year
Mark Hughes
51.8%
Goal of the Season (Scorer)
Bryan Robson
51.2%
PFA Young Player of the Year
Glenn Hoddle
50.5%
Conference
Lincoln City
49.9%
Third Division
Grimsby Town
48.3%
Third Division
Bournemouth
47%
Fourth Division
York City
45.3%
PFA Player of the Year
Clive Allen
45.3%
Football Writers' Player of the Year
Clive Allen
45.3%
First Division Top Scorers
Clive Allen
45.3%
Competition
Winner
% Correct
PFA Young Player of the Year
Tony Adams
44.3%
PFA Player of the Year
Peter Reid
44.1%
Fourth Division
Chesterfield
43.8%
Third Division
Rotherham United
43.8%
Fourth Division
Rotherham United
43.8%
Fourth Division
Northampton Town
43.2%
Fourth Division
Southend United
41.9%
Goal of the Season (Scorer)
Justin Fashanu
39.9%
Associate Members' Cup (FL Trophy)
Mansfield Town
39.6%
Goal of the Season (Scorer)
Graeme Sharp
38.4%
First Division Top Scorers
Peter Withe & Steve Archibald
38.4%
PFA Player of the Year
Terry McDermott
37.4%
Football Writers' Player of the Year
Terry McDermott
37.4%
Conference
Scarborough
34.9%
Football Writers' Player of the Year
Neville Southall
34.3%
PFA Young Player of the Year
Paul Merson
32.9%
Conference
Altrincham
31.3%
Conference
Altrincham
31.3%
FA Trophy
Altrincham
31.3%
FA Trophy
Kidderminster Harriers
30.3%
PFA Player of the Year
John Wark
30%
PFA Young Player of the Year
Gary Shaw
29.7%
Conference
Maidstone United
28.7%
Conference
Maidstone United
28.7%
PFA Young Player of the Year
Tony Cottee
28.1%
Football Writers' Player of the Year
Steve Nicol
27.4%
PFA Young Player of the Year
Paul Walsh
26.5%
First Division Top Scorers
Luther Blissett
25.8%
FA Trophy
Telford United
25.7%
FA Trophy
Telford United
25.7%
FA Trophy
Dagenham
23.2%
Conference
Enfield
22.6%
Conference
Enfield
22.6%
FA Trophy
Enfield
22.6%
FA Trophy
Enfield
22.6%
Goal of the Season (Scorer)
Cyrille Regis
20.2%
First Division Top Scorers
Phil Boyer
19.8%
Conference
Wealdstone
19.6%
FA Trophy
Wealdstone
19.6%
PFA Young Player of the Year
Steve Moran
18.5%
Goal of the Season (Scorer)
Tony Morley
18.4%
Football Writers' Player of the Year
Steve Perryman
18.1%
Conference
Runcorn
17.2%
Goal of the Season (Scorer)
Keith Houchen
16.9%
Football Writers' Player of the Year
Frans Thijssen
16.8%
FA Trophy
Northwich Victoria
16.4%
Goal of the Season (Scorer)
Danny Wallace
13.6%
FA Trophy
Bishop's Stortford
9%
Quiz Playlist
Details
Report
Send in Message
Add To Playlist
Classic:
Type in answers that appear in a list
Last Updated: Feb 16, 2017
Quiz Scoreboard
CHALLENGE
Sign Up to Join the Scoreboard
Show All
Scores
Hide
Comments
May contain spoilers
Recently Published
One Thing in Common: World Cities II
by knightlancer
Geography
7m
Popular People in 1961
by mucciniale
History
6m
1-10 Letter E Words III
by El_Dandy
Language
2m
More to Explore
Quiz From the Vault
Featured Blog Post
Where Did the Easter Bunny Come From?
hide this ad
You Might Also Like...
Tags
This quiz does not have any tags.
Today's Top Quizzes in Sports
Browse Sports
hide this ad
Top Contributed Quizzes in Sports
1
Les meilleurs buteurs des matchs entre le PSG et l’OM
2
Les entraîneurs de l'OM et du PSG au 21e siècle
3
FIFA Club World Cup Champions
4
2022 World Cup Stars
5
Name the Premier League winners with different clubs
6
La finale Lions - Afrique du Sud 2021
7
Criteria MLB: Left Handed Sluggers
8
Players with Multiple 50 Home Run Seasons
9
MLB Players with Two .350 Batting Average Seasons
10
MLB Hall of Famer by Rings
Explore More
Trending Topics
Crossword
Marvel
Disney
Harry Potter
NBA
Anime
Kpop
The Office
Puzzle
Song
Country
Pokémon
WWE
NFL
Soccer
hide this ad
More By:
JakePFC
Quiz
Plays
Rating
Category
Featured
Created
English Football Clubs
855,954
4.58
Sports
Oct 9, 2009
Premier League Winners' First XI
555,346
4.46
Sports
Sep 13, 2010
English Football Champions
288,908
4.77
Sports
Nov 21, 2009
Premier League Relegated Clubs
187,267
4.64
Sports
May 1, 2010
FA Cup Winning XIs
82,827
4.39
Sports
Apr 9, 2010
Go to Creator's Profile
Score Distribution
Quiz Creator Spotlight
JakePFC
Follow
Send a Message
Quizzes Created
-
Created Quiz Play Count
-
More By This Creator
Popular Quizzes Today
1
Find the US States - No Outlines Minefield
2
Find the Countries of Europe - No Outlines Minefield
3
The Countries of the World
4
Popular People in 1961
5
1-10 Letter E Words III
6
Find the US States
7
One Thing in Common: World Cities II
8
US States
More Sports Quizzes
Yankees Single Season HR Leaders of the 2000's
Quiz Lab
Trending Quizzes
Risky Map Clicking: Least Populous States A-Z
1-10 Letter F Words
1-10 Letter G Words
One Thing in Common: United Kingdom
Risky Map Clicking: Biggest States A-Z
Recently Updated
Leaping Animals
pecheneg
Reality TV Shows (A-Z)
bhenderson79
Rickey Henderson's Hall of Fame Teammates
pecheneg
Champions League XIs: Arsenal
pecheneg
Quick Pick: Celebrities in WWE's Hall of Fame
aduchscher
A-Z Keypad Blitz II
pecheneg
Multiple Oscar Actors
pecheneg
Mystery Phrase Blitz: Oscar 'Best Actors'
pecheneg
F. Scott Fitzgerald Novels
LTH
Pick 3 Villains
ddd62291
Trending Topics
Crossword
Disney
Marvel
Harry Potter
Kpop
Anime
NBA
The Office
Pokémon
Country
Soccer
NFL
Song
Puzzle
WWE
Your Account Isn't Verified!
In order to create a playlist on Sporcle, you need to verify the email address you used during registration. Go to your
Sporcle Settings
to finish the process.
Report this User
Report this user for behavior that violates our
Community Guidelines
.
Details:
Send Report
Go to the Sporcle.com Mobile Site →
Comments